les touches du clavier - Statistiques

Statistiques générales
  • Ce quiz a été pris 822 fois
  • Le résultat moyen est 40 sur 47
Statistiques - réponses
Réponse % Correct
a
99%
à
99%
e
99%
é
99%
è
99%
z
97%
d
96%
f
96%
g
96%
r
96%
t
96%
b
95%
c
95%
ç
95%
h
95%
i
95%
j
95%
o
95%
q
95%
s
95%
u
95%
ù
95%
y
95%
k
94%
l
94%
m
94%
p
94%
n
93%
v
93%
w
93%
x
93%
1
83%
2
83%
3
83%
4
83%
5
83%
6
83%
7
83%
8
83%
9
83%
0
76%
§
41%
°
41%
£
38%
²
35%
µ
32%
¤
15%
Aucun quiz correspondant
Distribution des résultats
% des personnes avec chaque résultat
Percentile par nombre de réponses
Votre historique - résultats
Vous n’avez pas pris ce quiz